000 00742nam a2200241Ia 4500
003 OSt
005 20220923221006.0
006 a|||||r|||| 00| 0
007 ta
008 220922b |||||||| |||| 00| 0 hin d
024 _a193,460
037 _cTextual
040 _aARTS
_cARTS
_bhin
041 _2hin
_ahin
082 _aO152,3x, N01
100 _aपुष्करणा, सतीशराज, संपा.
245 0 _aकथादेश
246 _aKathādesha
260 _aनई दिल्ली
_b अयन प्रकाशन
_c1990
300 _a700पृ.
_ccm.
942 _hO152,3x, N01
_cTEXL
_2CC
999 _c345908
_d345908